000 00876nam a2200265Ia 4500
003 OSt
005 20220923211440.0
006 a|||||r|||| 00| 0
007 ta
008 220922b |||||||| |||| 00| 0 hin d
020 _a9789350008218 (hbk)
_c150
024 _a274,341
037 _b98, 05/09/2013, Vani Prakashan
_cTextual
040 _aARTS
_cARTS
_bhin
041 _2hin
_ahin
082 _aO152,3N473x, Q3
100 _aसंजीव
245 0 _aझूठी है तेतरी दादी
246 _aZūṭhī hai tetarī dādī
260 _aनई दिल्ली
_b वाणी प्रकाशन
_c2012
300 _a99पृ.
_ccm.
650 _aहिन्दी साहित्य
_9156264
942 _hO152,3N473x, Q3
_cTEXL
_2CC
999 _c299649
_d299649